Music Quiz

Random Music or Country Quiz

Suckiest Musical Acts of the 21st Century Quiz Stats

 Plays Quiz not verified by Sporcle

Challenge
Share
Tweet
Embed
Score 0/6 Timer 10:00
0 Plays Today
Country of Origin Answer % Correct
CanadaNickelback
93.3%
USAMaroon 5
46.7%
USAFallout Boy
40%
The Bowels of YoutubeSoulja Boy
33.3%
USAThe Fray
26.7%
USAJohn Mayer
20%

You're not logged in!

Compare scores with friends on all Sporcle quizzes.
Join for Free
OR
Log In

You Might Also Like...

Show Comments

Extras

Top Quizzes Today


Score Distribution

Your Account Isn't Verified!

In order to create a playlist on Sporcle, you need to verify the email address you used during registration. Go to your Sporcle Settings to finish the process.

Report this User

Report this user for behavior that violates our Community Guidelines.

Details: